Podnikateľské prostredie na Slovensku v kontexte hodnotenia medzinárodných inštitúcií a indexov bakalárska práca

Na minha lista:
Detalhes bibliográficos
Autor principal: Micáková, Nikoleta
Autor Corporativo: Podnikovohospodárska fakulta EU so sídlom v Košiciach. Katedra obchodného podnikania
Outros Autores: Gontkovičová, Barbora, 1986-
Formato: Livro
Idioma:eslovaco
Publicado em: Košice 2018
Tags: Adicionar Tag
Sem tags, seja o primeiro a adicionar uma tag!

MARC

LEADER 00000nbm a2200000 4500
001 0247240
005 20181023140430.9
041 0 |a slo 
044 |a SK 
245 1 0 |a Podnikateľské prostredie na Slovensku v kontexte hodnotenia medzinárodných inštitúcií a indexov  |b bakalárska práca  |c Nikoleta Micáková ; školiteľ: Barbora Gontkovičová 
264 1 |a Košice  |c 2018 
300 |a 42 s. 
100 1 |a Micáková, Nikoleta 
700 1 |a Gontkovičová, Barbora, 1986- 
710 2 |a Podnikovohospodárska fakulta EU so sídlom v Košiciach. Katedra obchodného podnikania